| 000 | 01018nas a2200265 4500 | ||
|---|---|---|---|
| 001 | BR8002507 | ||
| 003 | BR-BrBNA | ||
| 005 | 20231205084311.0 | ||
| 007 | ta | ||
| 008 | 230509b bl.|||p| |||| 00| 00por d | ||
| 040 |
_aBR-BrBNA _bpor _cBiblioteca Nacional de Agricultura |
||
| 041 | _a(Pt) | ||
| 072 | _aF60; U10 | ||
| 100 | 1 | _aStefanini, R. (Fundacao de Amparo a Pesquisa do Estado de Sao Paulo, Sao Paulo (Brazil)) Roa, G. | |
| 111 | 1 |
_a3. Congresso Nacional de Ciencia e Tecnologia de Alimentos _cFlorianopolis, SC (Brazil) _d17 Jul 1979 |
|
| 245 | 1 | _aAlgoritmo geral para determinacao do calor latente de vaporizacao da agua dos produtos biologicos [Cafe; Secagem artificial] | |
| 650 | _aFisiologia vegetal | ||
| 650 | _aMatematica | ||
| 650 | _aEvapotranspiracao | ||
| 650 | _aCafe | ||
| 650 | _aSecagem artificial | ||
| 773 | 0 |
_tRevista Brasileira de Armazenamento (Brazil) _xISSN 0100-3518 _g(1980), v. 5(1) p. 30-42 _wBR8002507 |
|
| 909 |
_a202311 _bLúcia _c55 _dLúcia Elande |
||
| 942 |
_2AGRIS _n0 _cANA |
||
| 999 |
_c104367 _d104367 |
||